[Event "EYCC 2024 - O16"]
[Site "?"]
[Date "2024.08.28"]
[Round "6.12"]
[White "Kaewpitakkun, Pantham"]
[Black "Fiskaaen, Martin Holten"]
[Result "0-1"]
[BlackElo "2225"]
[WhiteElo "2036"]
[LiveChessVersion "1.4.8"]

1. e4 {[%clk 1:30:56]} c5 {[%clk 1:30:48]} 2. Nf3 {[%clk 1:31:23]} d6
{[%clk 1:31:14]} 3. d4 {[%clk 1:31:46]} cxd4 {[%clk 1:31:40]} 4. Nxd4
{[%clk 1:32:13]} Nf6 {[%clk 1:32:03]} 5. Nc3 {[%clk 1:32:38]} a6 {[%clk 1:32:29]}
6. a4 {[%clk 1:32:50]} e5 {[%clk 1:31:02]} 7. Nf3 {[%clk 1:33:14]} Be7
{[%clk 1:28:06]} 8. Bg5 {[%clk 1:33:36]} Be6 {[%clk 1:23:55]} 9. Bxf6
{[%clk 1:32:54]} Bxf6 {[%clk 1:24:08]} 10. Nd5 {[%clk 1:32:41]} Nd7
{[%clk 1:19:43]} 11. Bc4 {[%clk 1:32:13]} O-O {[%clk 1:18:59]} 12. Qe2
{[%clk 1:31:43]} Rc8 {[%clk 1:17:57]} 13. O-O {[%clk 1:32:01]} Be7
{[%clk 0:59:12]} 14. Rfd1 {[%clk 1:25:31]} Re8 {[%clk 0:59:15]} 15. c3
{[%clk 1:22:47]} Bf8 {[%clk 0:59:01]} 16. Rd2 {[%clk 1:16:31]} g6
{[%clk 0:58:46]} 17. Ne3 {[%clk 1:16:21]} Qc7 {[%clk 0:56:06]} 18. Bxe6
{[%clk 1:14:43]} fxe6 {[%clk 0:56:29]} 19. Rdd1 {[%clk 1:05:34]} Nf6
{[%clk 0:53:54]} 20. Qc2 {[%clk 1:04:38]} Bh6 {[%clk 0:53:01]} 21. Re1
{[%clk 1:02:39]} Qc6 {[%clk 0:51:06]} 22. a5 {[%clk 1:01:44]} Re7
{[%clk 0:43:40]} 23. Ra4 {[%clk 1:00:16]} Rf8 {[%clk 0:42:58]} 24. Rb4
{[%clk 0:55:51]} Qc5 {[%clk 0:40:44]} 25. Qb3 {[%clk 0:52:52]} Qc7
{[%clk 0:40:07]} 26. Nc4 {[%clk 0:50:06]} Rd8 {[%clk 0:35:43]} 27. Rb6
{[%clk 0:44:42]} Rdd7 {[%clk 0:33:25]} 28. h4 {[%clk 0:41:53]} Ng4
{[%clk 0:31:23]} 29. Ng5 {[%clk 0:37:53]} Bxg5 {[%clk 0:29:52]} 30. hxg5
{[%clk 0:38:15]} Rf7 {[%clk 0:30:04]} 31. Re2 {[%clk 0:35:48]} Nxf2
{[%clk 0:24:36]} 32. Ne3 {[%clk 0:17:44]} Nd3 {[%clk 0:12:37]} 33. Qc4
{[%clk 0:17:09]} Nf4 {[%clk 0:12:41]} 34. Rd2 {[%clk 0:11:46]} Qd8
{[%clk 0:12:46]} 35. Qb4 {[%clk 0:08:31]} Qxg5 {[%clk 0:12:12]} 36. Rbxd6
{[%clk 0:08:27]} Nh3+ {[%clk 0:06:56]} 37. Kh2 {[%clk 0:08:46]} Nf2
{[%clk 0:05:54]} 38. Rxf2 {[%clk 0:07:37]} Qh4+ {[%clk 0:06:10]} 39. Kg1
{[%clk 0:07:56]} Qxf2+ {[%clk 0:06:33]} 0-1

[Event "EYCC 2024 - O16"]
[Site "?"]
[Date "2024.08.28"]
[Round "6.13"]
[White "Savicevs, Arsenijs"]
[Black "Siles, Jan"]
[Result "1-0"]
[BlackElo "2005"]
[WhiteElo "2184"]
[LiveChessVersion "1.4.8"]

1. e4 {[%clk 1:30:56]} c5 {[%clk 1:30:56]} 2. Nf3 {[%clk 1:31:21]} d6
{[%clk 1:31:22]} 3. d4 {[%clk 1:31:12]} cxd4 {[%clk 1:31:46]} 4. Nxd4
{[%clk 1:31:37]} Nf6 {[%clk 1:32:09]} 5. Nc3 {[%clk 1:32:03]} Nc6
{[%clk 1:32:30]} 6. Bg5 {[%clk 1:32:09]} e6 {[%clk 1:32:19]} 7. Qd2
{[%clk 1:32:29]} a6 {[%clk 1:32:38]} 8. O-O-O {[%clk 1:32:50]} Be7
{[%clk 1:32:43]} 9. Bxf6 {[%clk 1:26:19]} gxf6 {[%clk 1:32:55]} 10. f4
{[%clk 1:26:37]} Nxd4 {[%clk 1:32:20]} 11. Qxd4 {[%clk 1:25:24]} b5
{[%clk 1:32:18]} 12. Kb1 {[%clk 1:15:14]} Qc7 {[%clk 1:27:32]} 13. f5
{[%clk 1:03:22]} Qc5 {[%clk 1:25:25]} 14. Qd2 {[%clk 1:03:34]} Bb7
{[%clk 1:18:05]} 15. Bd3 {[%clk 1:00:06]} O-O-O {[%clk 1:15:01]} 16. a4
{[%clk 0:52:59]} b4 {[%clk 1:09:38]} 17. Ne2 {[%clk 0:53:16]} d5 {[%clk 1:05:55]}
18. exd5 {[%clk 0:53:08]} Rxd5 {[%clk 1:04:48]} 19. Nf4 {[%clk 0:51:54]} Rd6
{[%clk 1:04:15]} 20. fxe6 {[%clk 0:30:06]} fxe6 {[%clk 1:04:11]} 21. Qe2
{[%clk 0:30:21]} Qc6 {[%clk 0:53:16]} 22. Bf5 {[%clk 0:23:20]} exf5
{[%clk 0:39:18]} 23. Qxe7 {[%clk 0:23:39]} Rhd8 {[%clk 0:35:28]} 24. Rxd6
{[%clk 0:22:02]} Qxd6 {[%clk 0:34:01]} 25. Qxd6 {[%clk 0:21:33]} Rxd6
{[%clk 0:34:30]} 26. Kc1 {[%clk 0:20:42]} Rd4 {[%clk 0:29:26]} 27. Rf1
{[%clk 0:20:54]} Be4 {[%clk 0:28:59]} 28. b3 {[%clk 0:18:32]} Kd7
{[%clk 0:22:44]} 29. Rd1 {[%clk 0:15:46]} Rxd1+ {[%clk 0:23:05]} 30. Kxd1
{[%clk 0:16:08]} Kd6 {[%clk 0:23:05]} 31. Kd2 {[%clk 0:16:16]} a5
{[%clk 0:19:56]} 32. c3 {[%clk 0:16:06]} bxc3+ {[%clk 0:14:46]} 33. Kxc3
{[%clk 0:16:32]} Kc5 {[%clk 0:08:38]} 34. g3 {[%clk 0:15:43]} Bf3
{[%clk 0:07:19]} 35. Nd3+ {[%clk 0:13:14]} Kd5 {[%clk 0:07:27]} 36. Nb2
{[%clk 0:12:19]} f4 {[%clk 0:02:36]} 37. gxf4 {[%clk 0:12:02]} Ke4
{[%clk 0:01:54]} 38. Nc4 {[%clk 0:12:22]} Kxf4 {[%clk 0:02:01]} 39. Nxa5
{[%clk 0:11:47]} Ke3 {[%clk 0:02:05]} 40. Nc4+ {[%clk 0:11:06]} Ke2
{[%clk 0:01:25]} 41. b4 {[%clk 0:11:00]} f5 {[%clk 0:01:04]} 42. b5
{[%clk 0:11:24]} f4 {[%clk 0:00:44]} 43. a5 {[%clk 0:11:23]} Bb7 {[%clk 0:00:34]}
44. a6 {[%clk 0:09:35]} Bc8 {[%clk 0:01:01]} 45. Nd6 {[%clk 0:09:31]} f3
{[%clk 0:00:32]} 46. a7 {[%clk 0:09:45]} Bb7 {[%clk 0:00:35]} 47. Nxb7
{[%clk 0:10:08]} f2 {[%clk 0:01:01]} 48. a8=Q {[%clk 0:10:30]} f1=Q
{[%clk 0:01:24]} 49. Qe8+ {[%clk 0:10:45]} Kd1 {[%clk 0:01:39]} 50. Qd7+
{[%clk 0:11:07]} Kc1 {[%clk 0:01:54]} 51. Qd2+ {[%clk 0:11:31]} Kb1
{[%clk 0:02:20]} 52. Qb2# {[%clk 0:11:58]} 1-0

[Event "EYCC 2024 - O16"]
[Site "?"]
[Date "2024.08.28"]
[Round "6.14"]
[White "Sierra Vallina, Lionel"]
[Black "Ptaszynski, Szymon"]
[Result "1/2-1/2"]
[BlackElo "1995"]
[WhiteElo "2393"]
[LiveChessVersion "1.4.8"]

1. e4 {[%clk 1:30:57]} c5 {[%clk 1:30:57]} 2. Nf3 {[%clk 1:31:18]} d6
{[%clk 1:31:20]} 3. Nc3 {[%clk 1:31:38]} a6 {[%clk 1:30:59]} 4. d4
{[%clk 1:31:58]} cxd4 {[%clk 1:31:24]} 5. Qxd4 {[%clk 1:32:25]} Nc6
{[%clk 1:30:26]} 6. Qe3 {[%clk 1:32:05]} e6 {[%clk 1:29:03]} 7. b3
{[%clk 1:32:27]} Nf6 {[%clk 1:25:30]} 8. Bb2 {[%clk 1:32:35]} Be7
{[%clk 1:22:20]} 9. O-O-O {[%clk 1:32:39]} Qc7 {[%clk 1:22:08]} 10. Rg1
{[%clk 1:32:45]} b5 {[%clk 1:12:57]} 11. g4 {[%clk 1:27:47]} Nd7 {[%clk 0:53:56]}
12. g5 {[%clk 1:13:13]} Bb7 {[%clk 0:46:13]} 13. h4 {[%clk 1:09:46]} b4
{[%clk 0:41:48]} 14. Na4 {[%clk 0:58:32]} Rg8 {[%clk 0:39:35]} 15. Kb1
{[%clk 0:54:54]} Nc5 {[%clk 0:27:41]} 16. Nxc5 {[%clk 0:52:06]} dxc5
{[%clk 0:28:05]} 17. Bc4 {[%clk 0:42:05]} Bd6 {[%clk 0:23:38]} 18. h5
{[%clk 0:32:46]} Na5 {[%clk 0:13:04]} 19. Qd3 {[%clk 0:28:32]} O-O-O
{[%clk 0:11:15]} 20. Qe2 {[%clk 0:27:00]} Nxc4 {[%clk 0:11:27]} 21. Qxc4
{[%clk 0:27:23]} g6 {[%clk 0:09:16]} 22. Bf6 {[%clk 0:25:19]} Be7
{[%clk 0:07:41]} 23. h6 {[%clk 0:24:09]} Kb8 {[%clk 0:06:31]} 24. Bxe7
{[%clk 0:20:11]} Qxe7 {[%clk 0:06:56]} 25. Ne5 {[%clk 0:20:29]} Ka8
{[%clk 0:05:47]} 26. f4 {[%clk 0:19:00]} Qc7 {[%clk 0:05:22]} 27. Rgf1
{[%clk 0:18:03]} Rh8 {[%clk 0:02:06]} 28. Kc1 {[%clk 0:17:01]} Rhf8
{[%clk 0:01:57]} 29. Rxd8+ {[%clk 0:16:02]} Rxd8 {[%clk 0:02:23]} 30. Rd1
{[%clk 0:15:59]} Rxd1+ {[%clk 0:01:41]} 31. Kxd1 {[%clk 0:16:27]} f6
{[%clk 0:01:52]} 32. gxf6 {[%clk 0:15:42]} Qd8+ {[%clk 0:02:18]} 33. Nd3
{[%clk 0:15:44]} Qxf6 {[%clk 0:02:33]} 34. Qxc5 {[%clk 0:15:19]} Bxe4
{[%clk 0:01:26]} 35. Qc8+ {[%clk 0:15:39]} Ka7 {[%clk 0:01:32]} 36. Qd7+
{[%clk 0:15:21]} Ka8 {[%clk 0:01:45]} 37. Qxh7 {[%clk 0:14:40]} Qh4
{[%clk 0:00:32]} 38. Qh8+ {[%clk 0:14:57]} Kb7 {[%clk 0:00:55]} 39. Qg7+
{[%clk 0:15:22]} Kc6 {[%clk 0:00:44]} 40. h7 {[%clk 0:14:48]} Qh1+
{[%clk 0:00:32]} 41. Ne1 {[%clk 0:14:25]} Bxc2+ {[%clk 0:00:51]} 42. Kd2
{[%clk 0:14:45]} Qh2+ {[%clk 0:00:34]} 43. Kc1 {[%clk 0:15:11]} Bf5
{[%clk 0:00:31]} 44. Qd4 {[%clk 0:10:45]} Qxh7 {[%clk 0:00:54]} 45. Qc4+
{[%clk 0:11:12]} Kb7 {[%clk 0:01:13]} 46. Qxb4+ {[%clk 0:11:38]} Ka7
{[%clk 0:01:27]} 47. Qc5+ {[%clk 0:10:41]} Kb7 {[%clk 0:01:56]} 48. Qb4+
{[%clk 0:10:17]} Ka7 {[%clk 0:02:24]} 49. Qd4+ {[%clk 0:10:40]} Kb7
{[%clk 0:02:50]} 50. a4 {[%clk 0:09:49]} Qh1 {[%clk 0:02:49]} 51. Qb4+
{[%clk 0:10:08]} Ka8 {[%clk 0:02:16]} 52. Kb2 {[%clk 0:09:50]} Qh2+
{[%clk 0:02:34]} 53. Ka3 {[%clk 0:10:19]} Qe2 {[%clk 0:02:50]} 54. Qc3
{[%clk 0:09:46]} Be4 {[%clk 0:02:53]} 55. b4 {[%clk 0:09:25]} Kb7
{[%clk 0:02:48]} 56. Qg7+ {[%clk 0:08:53]} Kc6 {[%clk 0:03:02]} 57. Qc3+
{[%clk 0:09:10]} Kb7 {[%clk 0:03:22]} 1/2-1/2